000 01033nam a2200337 b 4500
001
003 DO-SdBPM
005 20250721120716.0
007 ta
008 9303231998 xxu a spa d
017 _a
_b
020 _a1580870074
040 _aDO-SdBPM
_bspa
_cBPMSU
_erda
082 4 _a523.111
_bG566u 1998
_222
100 1 _aGlover, David
_eautor
245 1 0 _aUna mirada al espacio /
_cDavid Glover ; traducción María Teresa Sanz
_h
264 _aEstados Unidos :
_bStampley,
_c1998
300 _a31 páginas :
_bilustraciones ;
_c29 cm
336 _atexto
_btxt
_2rdacontent
337 _asin mediación
_bnc
_2rda
338 _avolumen
_bnc
_2rdacarrier
490 0 _aBiblioteca de descubrimientos;
_aDescubre tu mundo
590 _aInventariado, 2025/VM
650 7 _aCiencias del espacio
650 7 _aAstronomía
650 7 _aSistema solar
650 7 _aLibros ilustracos para niños
700 1 _aSanz, María Teresa
_etraductor
910 _aVMateo V. Control de calidad. BPMSU
942 _2ddc
_cBK
999 _c12538
_d12538